000 00668nam a2200229 i 4500
001 C2-0223743
003 PPAK
005 20180728152513.0
008 000305s1985 my |||| ||||| | may d
040 _aPPAK
_beng
_cPPAK
_erda
082 0 4 _a297.122
_223
090 0 0 _a297.122
_bSUR
_dKWI
245 0 0 _aSurat yasin :
_bdoa dan kafiat-kafiat zikir
264 1 _aAlor Setar, Kedah :
_bJabatan Hal Ehwal Agama Islam Negeri Kedah ,
_c1985
300 _a27 pages ;
_c25 cm
336 _2rdacontent
_atext
337 _2rdamedia
_aunmediated
338 _2rdacarrier
_avolume
500 _aTeks dalam tulisan Jawi
650 1 0 _aKoran - Hermeneutics.
942 _ddc
_cB
999 _c144820
_d144820